| 000 | 01020nam a2200277 c 4500 | ||
|---|---|---|---|
| 999 |
_c189567 _d189567 |
||
| 003 | BLK | ||
| 005 | 20221201100859.0 | ||
| 008 | 180411b bul|||||r ||||||| ||bul|| | ||
| 010 | _aKNG00198611000 | ||
| 040 | _aBLK | ||
| 041 |
_aBUL _cBUL |
||
| 080 |
_aГеография на България _b913(497.2) _x(036) _z913(497.2)(036) |
||
| 100 | 1 |
_aПанайотов, Иван _eпърви автор _9370673 |
|
| 139 |
_aПанайотов, Иван _bП 17 |
||
| 245 | 1 | 0 |
_aКременският край _bТурист. маршрути _cИван Панайотов. |
| 257 | _aBGR | ||
| 260 |
_aСофия _bМедицина и физкултура _c1980 _fПловдив : Д. Благоев |
||
| 300 |
_a40 с. _bс ил., к. _c20 см |
||
| 380 | _a91 | ||
| 490 |
_aМалка туристическа библиотека _9203062 |
||
| 852 | _aЦб 101757 | ||
| 856 | 4 |
_qpdf _i0.00 _ldisable |
|
| 856 | 4 |
_qpdf _i0.00 _ldisable |
|
| 942 |
_cKNG _n0 _s1 |
||
| 944 |
_aCR _c19.12.2016 _kДаниел_Димитров |
||
| 944 |
_aED _c19.12.2016 _kДаниел_Димитров |
||
| 999 | _d189567 | ||